000 00840nam a22002297a 4500
003 OSt
008 260629b |||||||| |||| 00| 0 eng d
020 _a9781668467091
082 _a659.144
_bI43R
100 _aIRMA
245 _aResearch Anthology on Social Media Advertising and Building Consumer Relationships /
_cby Information Resources Management Association
260 _a.- USA
_b: IGI Global
_c, 2022
300 _avol.- I, (xxvii,494); vol.- II, (xxvii,495-986); vol.- III, (xxvii,987-1500); vol.- IV, (xxvii,1501-2012)p.
365 _e4vol. set price- 182549.00
650 _aTechnology (Applied Sciences)
650 _aManagement and Auxiliary Services
650 _aInternet Advertising
650 _aInternet Marketing
650 _aSocial Media Advertising
650 _aConsumer Relationships
942 _2ddc
_cBK
999 _c52469
_d52469